|
|
|
|
| LEADER |
00000nam a2200000 a 4500 |
| 001 |
vtls009627297 |
| 003 |
SK-MaSNL |
| 005 |
20260302010234.0 |
| 008 |
240318s2009 xo l e p 000 0 slo |
| 015 |
|
|
|a SNBA2009/07-03669
|
| 020 |
|
|
|a 9788088855842
|q (brož.)
|
| 035 |
|
|
|a 4EEF4CFB-EF13-4237-BEFD-A6B516714FF3
|
| 035 |
|
|
|a urn:nbn:sk:snk-amjw6c
|
| 035 |
|
|
|a urn:nbn:sk:snk-am0085pc
|
| 040 |
|
|
|a SNK
|b slo
|c SNK
|e AACR2
|
| 041 |
0 |
|
|a slo
|
| 044 |
|
|
|a xo
|c SK
|
| 072 |
|
7 |
|a 69
|x Stavebníctvo
|2 konspekt
|
| 080 |
|
|
|a 69.05
|2 2001
|
| 080 |
|
|
|a 613.6
|2 2001
|
| 080 |
|
|
|a (075.3)
|2 2001
|
| 100 |
1 |
|
|a Bieleková, M.
|4 aut
|9 648772
|
| 245 |
1 |
0 |
|a Technológia pre 1. ročník stavebných učebných odborov
|c Marta Bieliková
|
| 250 |
|
|
|a 2. nezm. vyd.
|
| 260 |
|
|
|a Bratislava
|b Kontakt plus
|c 2009
|
| 300 |
|
|
|a 171 s.
|b ilustr., tab.
|c 30 cm
|
| 504 |
|
|
|a Bibliogr. s. 171-172
|
| 650 |
0 |
7 |
|a stavebné práce
|2 SNKPH
|9 68050
|
| 650 |
0 |
7 |
|a stavebné technológie
|2 SNKPH
|9 66818
|
| 650 |
0 |
7 |
|a hygiena práce
|2 SNKPH
|9 1298
|
| 655 |
|
7 |
|a učebnice stredných škôl
|2 SNKPH
|9 69323
|
| 919 |
|
|
|a 978-80-88855-84-2
|
| 958 |
|
|
|a NB
|
| 968 |
|
|
|d 66/69
|
| 999 |
|
|
|c 1002452
|d 1004382
|
| 952 |
|
|
|a SNK
|b SNK
|y VYP
|7 0
|p 17A0625261
|o snkSB 78014 D1
|i snk2009/12766
|8 0
|z Digitalizovaný
|0 0
|1 0
|4 0
|d 2009-07-13
|l 0
|r 2016-06-30 00:00:00
|w 2026-02-24
|
| 952 |
|
|
|a SNK
|b SNK
|y PREZ
|7 0
|p 17A0625260
|o snkSB 78014
|i snk2009/12765
|8 0
|0 0
|1 0
|4 0
|d 2009-07-13
|f 1
|l 0
|r 2025-04-28 00:00:00
|w 2026-02-24
|